| 000 | 01053nam a22002777a 4500 | ||
|---|---|---|---|
| 999 |
_c21534 _d21534 |
||
| 003 | AR-CdUCM | ||
| 008 | 190311b ||||| |||| 00| 0 spa d | ||
| 020 | _a9786123170875 | ||
| 040 |
_aMUNICIPALIDAD PROVINCIAL DEL CUSCO _cBIBLIOTECA MUNICIPAL DEL CUSCO |
||
| 082 |
_a305.42/M4 _bM4 |
||
| 245 |
_aLa mujer es aún lo otro : _bactualidad y política en el pensamiento de Simone de Beauvoir / _cFanni Muñoz y Cecilia Esparza, editoras |
||
| 260 |
_aLima : _bPontificia Universidad Católica del Perú, _c2015. |
||
| 300 |
_a118, [2] páginas. : _bilustraciones ; _c21 cm. |
||
| 500 | _zIncluye bibliografías. | ||
| 650 |
_aBeauvoir, Simone de _945265 |
||
| 650 |
_aMujeres _93760 |
||
| 650 |
_aCondiciones sociales _945266 |
||
| 650 |
_aFeminismo _94003 |
||
| 650 |
_aGénero en la literatura _945267 |
||
| 650 |
_aFeminismo y literatura _945268 |
||
| 700 |
_aMuñoz, Fanni (editora) _945269 |
||
| 700 |
_aEsparza, Cecilia (editora) _945270 |
||
| 710 |
_aPontificia Universidad Católica del Perú _9400 |
||
| 942 |
_2ddc _cLIBROS |
||
| 945 | _aRoel | ||